000 00924nam0a22002771 4500
001 rc\3660808
005 20250610092610.0
021 _aRU
_b[70-89402]
035 _a(NLR Aleph) 007837602
090 _a9782395
_c9782395
100 _a20130115d1970 |||y0rusy50 ca
101 0 _arus
102 _aRU
105 _aa z |||||
200 1 _aФизическая подготовка юных баскетболистов
210 _aМинск
_cБеларусь
_d1970
215 _a136 с.
_cил.
_d21
320 _aБиблиогр. в конце книги
606 _aБаскетболисты
_xТренировка
_2psbo
700 1 _aКудряшов
_bВ.А.
_gВячеслав Александрович
701 1 _aМирошникова
_bР.В.
_gРуфина Владимировна
801 0 _aRU
_bNLR
_gpsbo
801 1 _aRU
_bELAR
_2rusmarc
852 _aNLR
_j70-3/7500
942 _cBOOK
980 _aNB